[Event "Heusenstamm Sparkassen op-A 6th"]
[Site "Heusenstamm"]
[Date "2019.11.23"]
[Round "4"]
[White "Mueller, Maurice Pascal"]
[Black "Ahmad, Momin"]
[Result "0-1"]
[WhiteElo "1683"]
[BlackElo "1918"]
[PlyCount "66"]
[EventDate "2019.11.21"]
[EventType "swiss"]
[EventRounds "7"]
[EventCountry "GER"]
[SourceTitle "CBM 194 Extra"]
[Source "ChessBase"]
[SourceDate "2020.03.31"]
[SourceVersion "1"]
[SourceVersionDate "2020.03.31"]
[SourceQuality "1"]

1. e4 e5 2. Nf3 Nc6 3. Bb5 a6 4. Ba4 Nf6 5. 0-0 Be7 6. d3 b5 7. Bb3 0-0 8. a4 b4 9. c3 Rb8 10. h3 d6 11. Nbd2 h6 12. d4 Bd7 13. Re1 Re8 14. Nc4 Bf8 15. d5 Ne7 16. Bc2 Ng6 17. cxb4 Rxb4 18. b3 Qc8 19. Nh2 Nh7 20. Bd2 Rb8 21. Ng4 Be7 22. Nce3 Bg5 23. Nf5 Nf4 24. Bxf4 exf4 25. Qd3 h5 26. Nfh6+ gxh6 27. e5 Nf8 28. h4 Bxg4 29. hxg5 hxg5 30. exd6 cxd6 31. Kh2 Ng6 32. Rh1 Re5 33. Kg1 Bf5 0-1

[Event "Baden-ch U2000"]
[Site "Walldorf"]
[Date "2017.07.28"]
[Round "3"]
[White "May, Juergen"]
[Black "Ahmad, Momin"]
[Result "1-0"]
[WhiteElo "1990"]
[BlackElo "1902"]
[PlyCount "79"]
[EventDate "2017.07.26"]
[EventType "swiss"]
[EventRounds "7"]
[EventCountry "GER"]
[SourceTitle "EXT 2018"]
[Source "ChessBase"]
[SourceDate "2017.10.13"]
[SourceVersion "1"]
[SourceVersionDate "2017.10.13"]
[SourceQuality "1"]

1. e4 e5 2. Nf3 Nc6 3. Bb5 a6 4. Ba4 Nf6 5. d3 b5 6. Bb3 Be7 7. 0-0 d6 8. c3 0-0 9. Re1 Na5 10. Bc2 c5 11. Nbd2 Bb7 12. Nf1 Qc7 13. Ng3 g6 14. Bh6 Rfe8 15. Rc1 Bf8 16. Qd2 Bg7 17. Bxg7 Kxg7 18. Qg5 Ng8 19. h3 h6 20. Qe3 Nf6 21. Nh4 Bc8 22. f4 exf4 23. Qxf4 Qe7 24. Rf1 Nc6 25. Rce1 Ra7 26. Qf2 Rc7 27. Re3 Ne5 28. Nf3 Nc6 29. Nh4 Ne5 30. Nf3 Nc6 31. d4 cxd4 32. cxd4 Nd5 33. Ree1 Nf4 34. Bb1 Nxh3+ 35. gxh3 Bxh3 36. Nf5+ gxf5 37. exf5 Bxf1 38. Rxe7 Nxe7 39. f6+ Kh8 40. Qe3 1-0

[Event "Baden-ch U2000"]
[Site "Walldorf"]
[Date "2017.07.26"]
[Round "1"]
[White "Ahmad, Momin"]
[Black "Lehmann, Sven"]
[Result "0-1"]
[WhiteElo "1902"]
[BlackElo "1998"]
[PlyCount "70"]
[EventDate "2017.07.26"]
[EventType "swiss"]
[EventRounds "7"]
[EventCountry "GER"]
[SourceTitle "EXT 2018"]
[Source "ChessBase"]
[SourceDate "2017.10.13"]
[SourceVersion "1"]
[SourceVersionDate "2017.10.13"]
[SourceQuality "1"]

1. e4 d6 2. Bc4 Nf6 3. d3 c6 4. Nc3 d5 5. exd5 cxd5 6. Bb3 Nc6 7. a3 e6 8. f4 Bc5 9. Nf3 a6 10. Qe2 0-0 11. Bd2 Qc7 12. 0-0-0 b5 13. Kb1 Bd7 14. g4 Rfb8 15. g5 Ne8 16. f5 b4 17. fxe6 Bxe6 18. Nxd5 Bxd5 19. Bxd5 bxa3 20. b3 Nd6 21. Bf4 a2+ 22. Ka1 Bd4+ 23. Nxd4 Nxd4 24. Qd2 Nxc2+ 25. Kb2 Qc5 26. Bxd6 Qxd6 27. Bxf7+ Kxf7 28. Qxc2 Rc8 29. Qg2 Qe5+ 30. d4 a1Q+ 31. Kxa1 Qa5+ 32. Qa2 Qc3+ 33. Qb2 Rab8 34. Ka2 Qa5+ 35. Kb1 Rc3 0-1

[Event "Baden-ch op U2000"]
[Site "Birkenfeld"]
[Date "2013.06.01"]
[Round "5"]
[White "Ahmad, Momin"]
[Black "Bay, Nicolai"]
[Result "0-1"]
[WhiteElo "1919"]
[BlackElo "1913"]
[PlyCount "136"]
[EventDate "2013.05.30"]
[EventType "swiss"]
[EventRounds "7"]
[EventCountry "GER"]
[SourceTitle "EXT 2014"]
[Source "ChessBase"]
[SourceDate "2013.11.20"]
[SourceVersion "1"]
[SourceVersionDate "2013.11.20"]
[SourceQuality "1"]

1. e4 c5 2. Nf3 d6 3. d4 cxd4 4. Nxd4 Nf6 5. Nc3 a6 6. f3 e6 7. Be3 Qc7 8. Qd2 Be7 9. 0-0-0 Nbd7 10. Kb1 b5 11. g4 Ne5 12. g5 Nfd7 13. f4 Nc4 14. Bxc4 Qxc4 15. f5 e5 16. b3 Qc7 17. Nd5 Qb7 18. Nf3 Qc6 19. h4 Bb7 20. h5 Nc5 21. Bxc5 Qxc5 22. b4 Qc6 23. Nxe7 Kxe7 24. f6+ gxf6 25. gxf6+ Kxf6 26. Qg5+ Ke6 27. Qf5+ Ke7 28. Nxe5 dxe5 29. Qxe5+ Qe6 30. Qc7+ Kf8 31. Qxb7 Rc8 32. Qd5 Qe7 33. Qd6 Rg8 34. a3 Ke8 35. Qxa6 Qc7 36. Qxb5+ Kf8 37. Rd2 Rg3 38. Qd5 Rxa3 39. Qd6+ Qxd6 40. Rxd6 Rac3 41. Rhd1 R8c4 42. R6d4 Rxc2 43. b5 R2c3 44. Ka1 Rc5 45. Rb4 Ra3+ 46. Kb2 Ra8 47. Rc1 Rxc1 48. Kxc1 Ke7 49. Kd2 Rb8 50. Ke3 Ke6 51. Kf4 f6 52. h6 Rb6 53. Rb2 Kd6 54. Rd2+ Ke7 55. Rd5 Ke6 56. Ke3 Kf7 57. Kd4 Kg6 58. Kc5 Re6 59. b6 Rxe4 60. b7 Re8 61. Kc6 Rb8 62. Rd6 Kxh6 63. Rxf6+ Kg5 64. Kc7 Rxb7+ 65. Kxb7 Kxf6 66. Kc6 Ke5 67. Kc5 h5 68. Kc4 h4 0-1

[Event "Baden-ch op U2000"]
[Site "Birkenfeld"]
[Date "2013.06.01"]
[Round "6"]
[White "Ahmad, Momin"]
[Black "Syed, Tareq"]
[Result "1/2-1/2"]
[WhiteElo "1919"]
[BlackElo "2028"]
[PlyCount "40"]
[EventDate "2013.05.30"]
[EventType "swiss"]
[EventRounds "7"]
[EventCountry "GER"]
[SourceTitle "EXT 2014"]
[Source "ChessBase"]
[SourceDate "2013.11.20"]
[SourceVersion "1"]
[SourceVersionDate "2013.11.20"]
[SourceQuality "1"]

1. e4 d6 2. Bc4 Nf6 3. Nc3 c6 4. d3 d5 5. exd5 cxd5 6. Bb3 Nc6 7. Nge2 e6 8. 0-0 Bd6 9. Ng3 h6 10. Qe1 0-0 11. f4 Nd4 12. Be3 Nxb3 13. axb3 Bb4 14. Bd2 Bc5+ 15. Kh1 Bd7 16. f5 Re8 17. Qd1 e5 18. Nh5 Bc6 19. Nxf6+ Qxf6 20. Qg4 e4 1/2-1/2

[Event "Baden-ch op U2000"]
[Site "Birkenfeld"]
[Date "2013.05.30"]
[Round "1"]
[White "May, Juergen"]
[Black "Ahmad, Momin"]
[Result "1/2-1/2"]
[WhiteElo "2011"]
[BlackElo "1919"]
[PlyCount "43"]
[EventDate "2013.05.30"]
[EventType "swiss"]
[EventRounds "7"]
[EventCountry "GER"]
[SourceTitle "EXT 2014"]
[Source "ChessBase"]
[SourceDate "2013.11.20"]
[SourceVersion "1"]
[SourceVersionDate "2013.11.20"]
[SourceQuality "1"]

1. e4 e5 2. Nf3 Nc6 3. Bb5 a6 4. Ba4 Nf6 5. d4 b5 6. Bb3 Nxe4 7. dxe5 Nc5 8. Bd5 Be7 9. 0-0 0-0 10. Bf4 Ne6 11. Bg3 Bb7 12. Nc3 Re8 13. Ne4 Bf8 14. Re1 Qc8 15. Qd2 Ne7 16. Bxb7 Qxb7 17. Rad1 Nf5 18. Nfg5 Nxg3 19. hxg3 d6 20. exd6 Nxg5 21. Nxg5 Bxd6 22. Qd3 1/2-1/2

[Event "Baden-ch op U1800"]
[Site "Haslach im Kinzigtal"]
[Date "2010.06.05"]
[Round "6"]
[White "Vollmer, Michael"]
[Black "Ahmad, Momin"]
[Result "1-0"]
[WhiteElo "1673"]
[BlackElo "1609"]
[PlyCount "123"]
[EventDate "2010.05.31"]
[EventType "swiss"]
[EventRounds "7"]
[EventCountry "GER"]
[SourceTitle "EXT 2011"]
[Source "ChessBase"]
[SourceDate "2010.11.26"]
[SourceVersion "1"]
[SourceVersionDate "2010.11.26"]
[SourceQuality "1"]

1. c4 c5 2. g3 Nf6 3. Bg2 d5 4. cxd5 Nxd5 5. Nc3 Nc7 6. Qa4+ Qd7 7. Qxd7+ Nxd7 8. d3 e5 9. b3 Be7 10. Bb2 0-0 11. e3 Bf6 12. Nge2 Rb8 13. 0-0 b6 14. Ne4 Be7 15. Nd2 Ne6 16. Nc4 f6 17. Bd5 Kf7 18. f4 Bb7 19. Bxb7 Rxb7 20. fxe5 Rd8 21. d4 Kg8 22. d5 Ng5 23. h4 Ne4 24. d6 Bf8 25. e6 Nxd6 26. exd7 Nxc4 27. bxc4 Rbxd7 28. Nf4 Re8 29. Nd5 Re4 30. Rad1 Bd6 31. Nxf6+ gxf6 32. Rxf6 Rxe3 33. Rfxd6 Rxg3+ 34. Kh2 Rxd6 35. Rxd6 Rg4 36. Kh3 Rxc4 37. Rd8+ Kf7 38. Rd7+ Kg6 39. Rxa7 Rc2 40. Be5 b5 41. Ra5 b4 42. Bd6 Rc3+ 43. Kg4 Rc4+ 44. Kg3 Rc3+ 45. Kf2 b3 46. axb3 Rxb3 47. Rxc5 Rd3 48. Rg5+ Kf6 49. Be5+ Ke6 50. Bg3 Kf6 51. Kg2 h6 52. Rb5 Kg6 53. Kh3 h5 54. Rg5+ Kh6 55. Kg2 Rd4 56. Kf3 Rd3+ 57. Ke4 Ra3 58. Kf5 Ra5+ 59. Be5 Ra4 60. Rg6+ Kh7 61. Rg7+ Kh6 62. Rg8 1-0

[Event "Baden-ch op U1800"]
[Site "Haslach im Kinzigtal"]
[Date "2010.06.03"]
[Round "4"]
[White "Ruf, Thomas"]
[Black "Ahmad, Momin"]
[Result "0-1"]
[WhiteElo "1726"]
[BlackElo "1609"]
[PlyCount "88"]
[EventDate "2010.05.31"]
[EventType "swiss"]
[EventRounds "7"]
[EventCountry "GER"]
[SourceTitle "EXT 2011"]
[Source "ChessBase"]
[SourceDate "2010.11.26"]
[SourceVersion "1"]
[SourceVersionDate "2010.11.26"]
[SourceQuality "1"]

1. e4 e5 2. Nc3 Nf6 3. Bc4 Bc5 4. d3 d6 5. Na4 Bb6 6. Nxb6 axb6 7. f4 0-0 8. f5 c6 9. Bb3 d5 10. Bg5 dxe4 11. Bxf6 Qxf6 12. dxe4 Qh4+ 13. Kf1 Qxe4 14. f6 Qf5+ 15. Qf3 Qxf6 16. Qxf6 gxf6 17. h4 Be6 18. a3 Bxb3 19. cxb3 Ra5 20. Ne2 Rd5 21. Nc3 Rd2 22. Rb1 Rfd8 23. Rh3 R8d3 24. Rxd3 Rxd3 25. Ke2 Rd4 26. g3 Nd7 27. Rf1 Kg7 28. Ke3 Nc5 29. b4 Nd7 30. Ne4 c5 31. bxc5 bxc5 32. Rc1 b6 33. b3 h5 34. Rf1 Kg6 35. Nd2 f5 36. Nf3 Rd6 37. Nd2 e4 38. b4 Rd3+ 39. Ke2 Rxa3 40. bxc5 bxc5 41. Rg1 Ne5 42. Nf1 Nf3 43. Rh1 Ra1 44. Ke3 c4 0-1

[Event "Baden-ch op U1800"]
[Site "Haslach im Kinzigtal"]
[Date "2010.05.31"]
[Round "1"]
[White "Ahmad, Momin"]
[Black "Bergen, Dietmar"]
[Result "1/2-1/2"]
[WhiteElo "1609"]
[BlackElo "1703"]
[PlyCount "48"]
[EventDate "2010.05.31"]
[EventType "swiss"]
[EventRounds "7"]
[EventCountry "GER"]
[SourceTitle "EXT 2011"]
[Source "ChessBase"]
[SourceDate "2010.11.26"]
[SourceVersion "1"]
[SourceVersionDate "2010.11.26"]
[SourceQuality "1"]

1. e4 Nf6 2. Nc3 d5 3. exd5 Nxd5 4. Bc4 Nxc3 5. bxc3 Bf5 6. Qf3 Qc8 7. Ne2 e6 8. Bb3 Be7 9. 0-0 0-0 10. d4 c6 11. Bb2 Na6 12. Ng3 Bg6 13. Rad1 Nc7 14. Rfe1 Bf6 15. Ne4 Bxe4 16. Rxe4 Nd5 17. c4 Ne7 18. Ba3 Re8 19. Bxe7 Rxe7 20. Rg4 Kh8 21. Rf4 Qe8 22. Rd3 Bg5 23. Rg4 Bf6 24. h4 e5 1/2-1/2